000 00776nam a2200229Ii 4500
003 JO-AjNU
008 230605s9999||||xx |||||||||||||| ||und||
017 _a38362
020 _a9957-02-166-4
040 _aJO-AjNU
_bara
_erda
_cJO-AjNU
041 _aara
050 1 4 _aPJ7846.A755.W3222 2005
100 3 _aتأليف وعدالله،ليديا,
_eauthor
_924409
245 0 0 _aالتناقض المعرفي في شعر عز الدين المناصرة
250 _aط1
264 3 1 _aعمان:دار مجدلاوي،2005
300 _a270ص
336 _atext
_btxt
_2rdacontent
337 _aunmediated
_bn
_2rdamedia
338 _avolume
_bnc
_2rdacarrier
650 4 _aالشعر العربي - القرن العشرين - فلسطين - تحليل ونقد 
_924410
999 _aA8983
_c12551
_d12551